000 00443nam a2200157Ia 4500
008 240729s9999 xx 000 0 und d
022 _a2813-7779
245 0 _aFrontiers in Developmental Psychology
260 _aSwitzerland
260 _bFrontiers Media S.A.
650 _a Psychology
650 _aPhilosophy. Psychology. Religion
856 _uhttps://doaj.org/toc/20bc6ac1c7d748df93e15b3bc9c76d61
942 _2ddc
942 _cDOAJEJ
999 _c68002
_d68002
945 _a1
_bMadushi Gamage
_c1
_dMadushi Gamage